[Event "MNT-chT"]
[Site "Podgorica"]
[Date "2020.10.12"]
[Round "6.5"]
[White "Kalezic, Bojan"]
[Black "Djurovic, Peko"]
[Result "0-1"]
[WhiteElo "1878"]
[BlackElo "2074"]
[PlyCount "70"]
[EventDate "2020.10.09"]
[EventType "team-tourn"]
[EventRounds "9"]
[EventCountry "MNE"]
[SourceTitle "CBM 198 Extra"]
[Source "ChessBase"]
[SourceDate "2020.11.30"]
[SourceVersion "1"]
[SourceVersionDate "2020.11.30"]
[SourceQuality "1"]
[WhiteTeam "Prosvjeta"]
[BlackTeam "Crnogorac"]
[WhiteTeamCountry "MNE"]
[BlackTeamCountry "MNE"]

1. e4 c5 2. Nf3 Nc6 3. d3 e6 4. Nbd2 d5 5. g3 Be7 6. Bg2 Nf6 7. 0-0 0-0 8. Re1 b5 9. e5 Ne8 10. Nf1 b4 11. Bf4 a5 12. h4 a4 13. a3 Nc7 14. Qc1 Nb5 15. g4 Nbd4 16. Ne3 Nxf3+ 17. Bxf3 Nd4 18. Bd1 Bxh4 19. Ng2 Be7 20. Qe3 Nb5 21. Bf3 Bb7 22. axb4 cxb4 23. d4 Qb6 24. Red1 a3 25. bxa3 Rxa3 26. Rxa3 bxa3 27. Be2 Qa5 28. Bd3 Ra8 29. Qh3 g6 30. Nh4 a2 31. Nf5 exf5 32. gxf5 a1Q 33. Rxa1 Qxa1+ 34. Kg2 Qxd4 35. fxg6 hxg6 0-1

[Event "MNT-ch 72nd"]
[Site "Podgorica"]
[Date "2020.09.11"]
[Round "1"]
[White "Kalezic, Bojan"]
[Black "Nikac, Predrag"]
[Result "0-1"]
[WhiteElo "1925"]
[BlackElo "2312"]
[PlyCount "92"]
[EventDate "2020.09.11"]
[EventType "swiss"]
[EventRounds "9"]
[EventCountry "MNE"]
[SourceTitle "CBM 198 Extra"]
[Source "ChessBase"]
[SourceDate "2020.11.30"]
[SourceVersion "1"]
[SourceVersionDate "2020.11.30"]
[SourceQuality "1"]

1. d4 g6 2. e4 Bg7 3. Nc3 c6 4. Nf3 d5 5. e5 Bg4 6. Be2 Bxf3 7. Bxf3 e6 8. 0-0 Nd7 9. Ne2 Ne7 10. c3 0-0 11. Re1 c5 12. g4 Nc6 13. Bg2 cxd4 14. cxd4 Rc8 15. a3 Nb6 16. b3 Qh4 17. Ng3 f5 18. gxf5 gxf5 19. f4 Bh6 20. Rf1 a5 21. Rf3 Kh8 22. Rb1 Rg8 23. Kh1 Rg4 24. Qd2 Rcg8 25. Qf2 Nd7 26. Ne2 Qh5 27. Ng3 Rxg3 28. Rxg3 Rxg3 29. Qxg3 Qd1+ 30. Bf1 Qxf1+ 31. Qg1 Qd3 32. Rb2 Nf8 33. Qe3 Qd1+ 34. Qg1 Qf3+ 35. Qg2 Qh5 36. Qf2 Ng6 37. b4 axb4 38. axb4 Qd1+ 39. Qg1 Qxg1+ 40. Kxg1 Nxf4 41. Rc2 Ne2+ 42. Rxe2 Bxc1 43. Kf2 Nxd4 44. Ra2 b5 45. Ra6 Bf4 46. h3 Kg7 0-1

[Event "MNT Team Cup"]
[Site "Herceg Novi"]
[Date "2020.06.26"]
[Round "3.3"]
[White "Kalezic, Bojan"]
[Black "Bubanja, Milos"]
[Result "1/2-1/2"]
[WhiteElo "1855"]
[BlackElo "1911"]
[PlyCount "38"]
[EventDate "2020.06.25"]
[EventType "team-swiss"]
[EventRounds "5"]
[EventCountry "MNE"]
[SourceTitle "EXT 2021"]
[Source "ChessBase"]
[SourceDate "2020.10.23"]
[SourceVersion "1"]
[SourceVersionDate "2020.10.23"]
[SourceQuality "1"]
[WhiteTeam "Mladost"]
[BlackTeam "Herceg Novi"]
[WhiteTeamCountry "MNE"]
[BlackTeamCountry "MNE"]

1. e4 c5 2. Nf3 Nc6 3. d4 cxd4 4. Nxd4 g6 5. Be3 Bg7 6. Nc3 Nf6 7. Be2 0-0 8. Nb3 d6 9. 0-0 b6 10. f4 Bb7 11. Bf3 Rc8 12. Nd5 Ba6 13. Re1 Nd7 14. Rb1 e6 15. Nc3 Nc5 16. Nd4 Nxd4 17. Bxd4 e5 18. fxe5 dxe5 19. Be3 Ne6 1/2-1/2

[Event "MNT-chT 1st League"]
[Site "Podgorica"]
[Date "2019.07.20"]
[Round "1.8"]
[White "Vujovic, Savo"]
[Black "Kalezic, Bojan"]
[Result "1/2-1/2"]
[WhiteElo "2023"]
[BlackElo "1815"]
[PlyCount "68"]
[EventDate "2019.07.20"]
[EventType "team-tourn"]
[EventRounds "9"]
[EventCountry "MNE"]
[SourceTitle "EXT 2020"]
[Source "ChessBase"]
[SourceDate "2019.10.17"]
[SourceVersion "1"]
[SourceVersionDate "2019.10.17"]
[SourceQuality "1"]
[WhiteTeam "Crnogorac"]
[BlackTeam "Prosvjeta"]
[WhiteTeamCountry "MNE"]
[BlackTeamCountry "MNE"]

1. e4 d6 2. d4 Nf6 3. Nc3 Nbd7 4. Nf3 e5 5. Bc4 Be7 6. 0-0 0-0 7. h3 c6 8. a4 a5 9. Re1 Re8 10. dxe5 dxe5 11. Be3 h6 12. Qb1 Bc5 13. Qa2 Re7 14. Nh4 Bxe3 15. Rxe3 Nf8 16. Rd1 Qc7 17. Nf5 Bxf5 18. exf5 e4 19. Qa3 Rae8 20. b4 N8d7 21. Rde1 Qf4 22. bxa5 Qxf5 23. a6 bxa6 24. Bxa6 Qa5 25. Bf1 Nc5 26. Bb5 cxb5 27. Qxc5 Re5 28. Qd4 b4 29. Nxe4 Nxe4 30. Rxe4 Rxe4 31. Rxe4 Rxe4 32. Qxe4 Qxa4 33. Qc4 Qa1+ 34. Kh2 Qe5+ 1/2-1/2

[Event "MNT-chT"]
[Site "Niksic"]
[Date "2018.08.10"]
[Round "4.4"]
[White "Kalezic, Bojan"]
[Black "Alivodic, Dario"]
[Result "0-1"]
[WhiteElo "1843"]
[BlackElo "2068"]
[PlyCount "113"]
[EventDate "2018.08.07"]
[EventType "team-tourn"]
[EventRounds "9"]
[EventCountry "MNE"]
[SourceTitle "CBM 186 Extra"]
[Source "ChessBase"]
[SourceDate "2018.08.24"]
[SourceVersion "1"]
[SourceVersionDate "2018.08.24"]
[SourceQuality "1"]
[WhiteTeam "Mladost"]
[BlackTeam "Omladinac Buducnost"]
[WhiteTeamCountry "MNE"]
[BlackTeamCountry "MNE"]

1. e4 e6 2. d3 d5 3. Nd2 Nf6 4. Ngf3 c5 5. g3 Nc6 6. Bg2 Be7 7. 0-0 0-0 8. Re1 Kh8 9. e5 Ng8 10. Nf1 Qe8 11. c3 b5 12. Bf4 a5 13. h4 Bd7 14. d4 c4 15. h5 f5 16. exf6 gxf6 17. Bh3 Nd8 18. g4 b4 19. Ng3 Nf7 20. Qd2 Qd8 21. Re2 Ra6 22. Rae1 Rb6 23. Kh1 a4 24. h6 a3 25. bxa3 bxc3 26. Qxc3 Ra6 27. Qd2 Rxa3 28. Nh4 Rd3 29. Qc1 Ba3 30. Qc2 Ng5 31. Bg2 Nxh6 32. f3 Rxd4 33. Bxg5 fxg5 34. Qc3 Bc5 35. Rd2 Qf6 36. Nh5 Qf7 37. Rxd4 Bxd4 38. Qxd4+ Kg8 39. Qe5 gxh4 40. Qg5+ Qg6 41. Qxh4 d4 42. Qe7 Bc8 43. Qc5 d3 44. Qxc4 d2 45. Rd1 Qg5 46. Qd4 Rd8 47. Nf6+ Kf7 48. Qxd8 Qh4+ 49. Kg1 Qe1+ 50. Rxe1 dxe1Q+ 51. Bf1 Ba6 52. Qe8+ Kxf6 53. Qh8+ Kg6 54. Qe8+ Nf7 55. Qg8+ Kf6 56. g5+ Ke7 57. Kh2 0-1

[Event "MNT-ch sf"]
[Site "Niksic"]
[Date "2017.02.21"]
[Round "7"]
[White "Mandic, Stefan"]
[Black "Kalezic, Bojan"]
[Result "1-0"]
[WhiteElo "1922"]
[BlackElo "1706"]
[PlyCount "119"]
[EventDate "2017.02.17"]
[EventType "swiss"]
[EventRounds "7"]
[EventCountry "MNE"]
[SourceTitle "CBM 177 Extra"]
[Source "ChessBase"]
[SourceDate "2017.04.27"]
[SourceVersion "1"]
[SourceVersionDate "2017.04.27"]
[SourceQuality "1"]

1. e4 c5 2. Nf3 Nc6 3. d4 cxd4 4. Nxd4 g6 5. Nc3 Bg7 6. Be3 Nf6 7. Bc4 Qa5 8. f3 0-0 9. Nb3 Qc7 10. Qd2 Ne5 11. Be2 d6 12. Bh6 Bd7 13. h4 Nh5 14. Bxg7 Kxg7 15. Nd5 Qd8 16. f4 Nc6 17. Bxh5 gxh5 18. Qc3+ f6 19. f5 Kf7 20. Qf3 Rg8 21. Qxh5+ Kg7 22. 0-0-0 Be8 23. Qe2 Bf7 24. Nd4 Nxd4 25. Rxd4 Kf8 26. g4 Qa5 27. a3 Rc8 28. Rg1 Qc5 29. Rdd1 b5 30. g5 Bxd5 31. exd5 Qc4 32. Rde1 Rc7 33. Qxc4 Rxc4 34. gxf6 exf6 35. Rxg8+ Kxg8 36. Re6 Rxh4 37. Rxf6 Rf4 38. Rxd6 Rxf5 39. Rd7 h5 40. d6 Rd5 41. Rb7 Rxd6 42. Rxb5 Rh6 43. Rb8+ Kg7 44. Rb7+ Kg6 45. Rxa7 h4 46. Rd7 h3 47. Rd1 h2 48. Rh1 Kg5 49. b4 Kg4 50. a4 Kg3 51. a5 Kg2 52. Rxh2+ Kxh2 53. b5 Rh5 54. c4 Rc5 55. Kb2 Rxc4 56. Kb3 Rc1 57. a6 Ra1 58. Kc4 Ra5 59. Kc5 Ra1 60. Kb6 1-0